000 00461nam a2200145Ia 4500
003 OSt
005 20260121114544.0
008 211028s2014 xx 000 0 und d
040 _cAIMIT LIBRARY
041 _aeng
100 _aD Souza, William; D Souza, Rayan.
_g1216157
_97267
245 _aStudy on the job satisfaction among the employees with reference to associate plastics ltd Mangalore /
260 _aMangalore
_bRayan D Souza
_c2014
942 _2ddc
_cPRO
999 _c218837
_d218837